<?xml version="1.0" encoding="UTF-8"?>
<record
    xmlns:xsi="http://www.w3.org/2001/XMLSchema-instance"
    xsi:schemaLocation="http://www.loc.gov/MARC21/slim http://www.loc.gov/standards/marcxml/schema/MARC21slim.xsd"
    xmlns="http://www.loc.gov/MARC21/slim">

  <leader>01333nam a2200289 i 4500</leader>
  <controlfield tag="001">73388</controlfield>
  <controlfield tag="003">ES-MaACL</controlfield>
  <controlfield tag="005">20250806063722.0</controlfield>
  <controlfield tag="007">t|</controlfield>
  <controlfield tag="008">041005q1923    sz a         |||| | fre d</controlfield>
  <datafield tag="100" ind1="1" ind2=" ">
    <subfield code="a">Lucci, Mil&#xE8;ve.</subfield>
    <subfield code="9">74553</subfield>
  </datafield>
  <datafield tag="245" ind1="1" ind2="3">
    <subfield code="a">La femme, medecin du foyer </subfield>
    <subfield code="b">: ouvrage d'hygi&#xE8;ne et de m&#xE9;decine familiale, concernant particuli&#xE8;rement les maladies des femmes et des enfants, les accouchements et les soins &#xE1; donner aux enfants / </subfield>
    <subfield code="c">par Mil&#xE8;ve Lucci ; collaboratrices, Louise Az&#xE9;ma, M. Kaplan.</subfield>
  </datafield>
  <datafield tag="260" ind1=" " ind2=" ">
    <subfield code="a">Weinfelden (Suisse) : </subfield>
    <subfield code="b">Maison d'Editions Populaires, </subfield>
    <subfield code="c">[1923]</subfield>
  </datafield>
  <datafield tag="300" ind1=" " ind2=" ">
    <subfield code="a">XII, 929 p. : </subfield>
    <subfield code="b">il. ; </subfield>
    <subfield code="c">24 cm.</subfield>
  </datafield>
  <datafield tag="490" ind1="1" ind2=" ">
    <subfield code="a">Le livre d'or de la femme</subfield>
  </datafield>
  <datafield tag="500" ind1=" " ind2=" ">
    <subfield code="a">Nueva ed, de la obra de la doctora Anna Fischer.</subfield>
  </datafield>
  <datafield tag="505" ind1="8" ind2=" ">
    <subfield code="a">Acompa&#xF1;ado de: "L'homme et la femme : anatomie comparative du corps masculin et feminin sous forme de mod&#xE8;les aux organes superpos&#xE9;s d&#xE9;montables", 1 h. pleg.</subfield>
  </datafield>
  <datafield tag="650" ind1=" " ind2="7">
    <subfield code="a">Medicina popular</subfield>
    <subfield code="2">embne</subfield>
    <subfield code="9">153511</subfield>
  </datafield>
  <datafield tag="650" ind1=" " ind2="4">
    <subfield code="a">Mujeres-</subfield>
    <subfield code="x">Salud e higiene.</subfield>
    <subfield code="9">140598</subfield>
  </datafield>
  <datafield tag="650" ind1=" " ind2=" ">
    <subfield code="a">Ni&#xF1;os-</subfield>
    <subfield code="x">Salud e higiene.</subfield>
    <subfield code="9">15557</subfield>
  </datafield>
  <datafield tag="700" ind1="1" ind2=" ">
    <subfield code="a">Az&#xE9;ma, Louise.</subfield>
    <subfield code="9">24286</subfield>
  </datafield>
  <datafield tag="700" ind1="1" ind2=" ">
    <subfield code="a">Kaplan, Myrian.</subfield>
    <subfield code="9">67522</subfield>
  </datafield>
  <datafield tag="700" ind1="1" ind2=" ">
    <subfield code="a">Fischer, Anna.</subfield>
    <subfield code="9">50980</subfield>
  </datafield>
  <datafield tag="830" ind1="0" ind2=" ">
    <subfield code="a">Le livre d'or de la femme</subfield>
    <subfield code="9">231164</subfield>
  </datafield>
  <datafield tag="852" ind1=" " ind2=" ">
    <subfield code="a">ES-MaACL</subfield>
    <subfield code="j">E-1375 </subfield>
    <subfield code="z">- Enc. editorial</subfield>
  </datafield>
  <datafield tag="999" ind1=" " ind2=" ">
    <subfield code="c">73388</subfield>
    <subfield code="d">73388</subfield>
  </datafield>
  <datafield tag="952" ind1=" " ind2=" ">
    <subfield code="0">0</subfield>
    <subfield code="1">0</subfield>
    <subfield code="4">0</subfield>
    <subfield code="7">0</subfield>
    <subfield code="a">ATENEOM</subfield>
    <subfield code="b">ATENEOM</subfield>
    <subfield code="c">DEPO2</subfield>
    <subfield code="d">2008-01-17</subfield>
    <subfield code="e">SC</subfield>
    <subfield code="l">0</subfield>
    <subfield code="o">E-1375</subfield>
    <subfield code="p">1076819</subfield>
    <subfield code="r">2023-02-23 00:00:00</subfield>
    <subfield code="w">2023-02-23</subfield>
    <subfield code="y">MONOGRAFIA</subfield>
  </datafield>
</record>
